1833 1409 1437 1946 1325 1341 1595 1662 1172 1202 1585 1096 1108 1878 1623 1572 1733 1916 1529 1044 1309 1781 1772 1878 1027 1017 1830 1676 1296 1830 1191 1375 1382 1095 1151 1765 1524 1365 1989 1240 1323 1628 1372 1091 1858 1589 1323 1975 1254 1616 1208 1867 1927 1029 1475 1932 1529 1951 1864 1570 1964 1772 1122 1992 1816 1784 1990 1757 1882 1832 1056 1154 1323 1486 1147 1910 1215 1397 1427 1716 1997 1266 1149 1903 1810 1388 1498 1451 1648 1009 1994 1906 1600 1547 1692 1269 1761 1675 1559 BCNSPRNW ULIB Ver.6.0+V

เปลี่ยนเป็นภาษาไทย

Change to English
 แสดงรายละเอียดบรรณานุกรม
  กลับหน้าหลัก

Brief Record : Get Marc (ISO 2709) : E-mail record : QR code < ปิดหน้าต่าง
LEADER : 00000nam 2200000uu 4500
001    13399123192
003     ULIB
008    140612s2550||||th 000 0 tha d
020    ^a9749993934
020    ^a9789749993934
040    ^abpr
050  4 ^aHN700.55^bส558ท
100 0  ^aสัญญา สัญญาวิวัฒน์
245 10 ^aทฤษฎีและกลยุทธ์การพัฒนาสังคม /^cสัญญา สัญญาวิวัฒน์
250    ^aพิมพ์ครั้งที่ 7
260    ^aกรุงเทพฯ :^bโรงพิมพ์แห่งจุฬาลงกรณ์มหาวิทยาลัย,^c2550
300    ^a192 หน้า ;^c21 ซม.
650  4 ^aการพัฒนาสังคม
651  7 ^aไทย^xภาวะสังคม
945    ^p105^l0^i14986
995    ^aทศพร
999    ^aทศพร เกษรทอง
รายการนี้ยังไม่มีแท็ก
คุณยังไม่ได้ล็อกอิน คุณสามารถมีกิจกรรมร่วมกับเว็บไซต์ได้ แต่ต้องล็อกอินก่อน ::
  ล็อกอิน

รายการสื่อสารสนเทศ

ลำดับที่ ประเภท เลขเรียก/บาร์โค้ด สถานที่ สถานะ
1. การศึกษาทั่วไป
การศึกษาทั่วไป
HN700.55 ส558ท ฉ.1 
  Barcode: 14986
ห้องสมุดวิทยาเขตนครสวรรค์
►หนังสือทั่วไป:l:General Books
บนชั้น

รายการใกล้เคียง
    ผู้แต่ง [สัญญา สัญญาวิวัฒน์]

    หัวเรื่อง [การพัฒนาสังคม]

BibComment


ยังไม่เคยถูกคอมเมนท์

คอมเมนท์ทรัพยากรรายการนี้
  คอมเมนท์: ทฤษฎีและกลยุทธ์ก..


 Copyright 2026. Bcnsprnw @Library